|
|
|
|
| LEADER |
00852cam a2200253 a 4500 |
| 001 |
0000082919 |
| 005 |
20070302090000.0 |
| 040 |
|
|
|a mod
|
| 041 |
|
|
|a eng
|
| 020 |
0 |
0 |
|a 0130186791
|
| 090 |
0 |
0 |
|a 519.5
|b MCC
|e 2001
|
| 100 |
1 |
0 |
|a McClave
|h James T
|
| 245 |
1 |
2 |
|a A first course in business statistics
|c James T. McClave, P. George Benson and Terry Sincich
|
| 250 |
0 |
0 |
|a 8th ed
|
| 260 |
0 |
0 |
|a New Jersey
|b Prentice Hall
|c 2001
|
| 300 |
0 |
0 |
|a xxi, 758 p.
|c 26 cm
|
| 650 |
0 |
0 |
|a Commercial statistics
|x Case studies
|
| 650 |
0 |
0 |
|a Commercial statistics
|
| 650 |
0 |
0 |
|a Statistics
|x Data processing
|
| 700 |
1 |
1 |
|a Sincich
|h Terry
|
| 700 |
1 |
1 |
|a Benson
|h P. George
|
| 852 |
0 |
0 |
|a 01
|
| 999 |
|
|
|a 0249180
|b KEMENTAH
|d BOOKS
|e Rujukan
|f Perpustakaan KEMENTAH
|j AVAILABLE
|p 1
|q GOOD CONDITION
|
| 999 |
|
|
|a 02730
|b KEMENTAH
|d BOOKS
|e Sumber Media
|f Perpustakaan KEMENTAH
|j AVAILABLE
|p 1
|q GOOD CONDITION
|